ბათუმის შოთა რუსთაველის სახელმწიფო უნივერსიტეტის ბიბლიოთეკა

ანტიკურობის საოცრებანი / (ბიბ.ჩანაწერი № 56236)

000 -ლიდერი
ფიქსირებული სიგრძის საკონტროლო ველი 01368nam a2200241Ia 4500
001 - საკონტროლო ნომერი
საკონტროლო ველი 23338
003 - საკონტროლო ნომრის იდენტიფიკატორი
საკონტროლო ველი GE_BSU
005 - ბოლო ოპერაციის თარიღი და დრო
საკონტროლო ველი 20230621111259.0
008 - ფიქსირებული სიგრძის მონაცემთა ელემენტები - ზოგადი ინფორმაცია
ფიქსირებული სიგრძის საკონტროლო ველი 181216s1987ge xx |||||||||||||| ||geo||
040 ## - კატალოგიზაციის წყარო
Transcribing agency GE_BSU
041 ## - ენის კოდი
Language code of text/sound track or separate title geo
080 ## - უნივერსალური ათობითი კლასიფიკაციის ინდექსი
Universal Decimal Classification number 94(3) + 72(3) + 008(3) კ-79
100 ## - მთავარი ჩანაწერი - პიროვნების სახელი
Personal name კოტრელი, ლეონარდ
9 (RLIN) 18858
245 ## - ცნობა სათაურის შესახებ
Title ანტიკურობის საოცრებანი /
Statement of responsibility, etc ლეონარდ კოტრელი, ინგლ. თარგმნა ზვიად გამსახურდიამ. რედ. დ. ჯიბლაძე. მხატვ. ნ. ჭკუასელი
264 ## - წარმოების, გამოცემის, დისტრიბუციის და სხვა ცნობები
გამოცემის, წარმოების, დისტრიბუციის... ადგილი თბილისი :
გამოცემის, წარმოების, დისტრიბუციის... სახელწოდება განათლება,
გამოცემის, წარმოების, დისტრიბუციის... თარიღი 1987.
300 ## - ფიზიკური აღწერა
Extent 158 გვ. ;
Other physical details 20 სმ.
653 ## - INDEX TERM--UNCONTROLLED
Uncontrolled term ანტიკური ქვეყნების ისტორია; ანტიკური ქვეყნების კულტურა; ანტიკური ქვეყნების არქიტექტურა
653 ## - INDEX TERM--UNCONTROLLED
Uncontrolled term ანტიკურობის საოცრებანი
700 ## - ADDED ENTRY--PERSONAL NAME
Personal name გამსახურდია, ზ
Relator term მთარგმნელი
9 (RLIN) 5590
700 ## - ADDED ENTRY--PERSONAL NAME
Personal name ჯიბლაძე, დ
Relator term რედაქტორი
9 (RLIN) 8826
700 ## - ADDED ENTRY--PERSONAL NAME
Personal name ჭკუასელი, ნ
Relator term მხატვარი
9 (RLIN) 18859
942 ## - ADDED ENTRY ELEMENTS (KOHA)
Koha item type წიგნი
Source of classification or shelving scheme
ეგზემპლარები
ჩამოწერის სტატუსი დაკარგული ეგზემპლარის სტატუსი კლასიფიკაციის წყარო ან თაროზე გაწყობის სქემა დაზიანების სტატუსი არ გაიცემა მუდმივი მდებარეობა (დაცვის ადგილი) ამჟამინდელი ადგილსამყოფელი თაროზე განთავსების ადგილი შეძენის თარიღი ღირებულება, შესყიდვის ნორმალური ფასი სრული შენახვის შიფრი შტრიხკოდი ბოლო ოპერაციის თარიღი ეგზემპლარის მიმდევრობითი ნომერი (კეტერი?) ფასის ძალაში შესვლის თარიღი ეგზემპლარის სახეობა საჯარო შენიშვნა Uniform Resource Identifier
          ბათუმის შოთა რუსთაველის სახელმწიფო უნივერსიტეტის მთავარი ბიბლიოთეკა ბათუმის შოთა რუსთაველის სახელმწიფო უნივერსიტეტის მთავარი ბიბლიოთეკა წიგნსაცავი 2018-12-17 0.00 94(3) + 72(3) + 008(3) კ-79 28334 2018-12-17 28334 2018-12-17 წიგნი 0,50თ.  
          ბათუმის შოთა რუსთაველის სახელმწიფო უნივერსიტეტის მთავარი ბიბლიოთეკა ბათუმის შოთა რუსთაველის სახელმწიფო უნივერსიტეტის მთავარი ბიბლიოთეკა წიგნსაცავი 2023-06-21 4.00 94(3) + 72(3) + 008(3) კ-79 64742 2023-06-21 64742 2023-06-21 წიგნი 4.00 ბსუ-ს საპატიო დოქტორის გურამ ლორთქიფანიძის საჩუქარი
          ბათუმის შოთა რუსთაველის სახელმწიფო უნივერსიტეტის მთავარი ბიბლიოთეკა ბათუმის შოთა რუსთაველის სახელმწიფო უნივერსიტეტის მთავარი ბიბლიოთეკა წიგნსაცავი 2024-03-06 5.00 94(3) + 72(3) + 008(3) კ-79 67654 2024-03-06 67654 2024-03-06 წიგნი 5.00  
          ბათუმის შოთა რუსთაველის სახელმწიფო უნივერსიტეტის მთავარი ბიბლიოთეკა ბათუმის შოთა რუსთაველის სახელმწიფო უნივერსიტეტის მთავარი ბიბლიოთეკა წიგნსაცავი 2024-03-06 4.00 94(3) + 72(3) + 008(3) კ-79 67655 2024-03-06 67655 2024-03-06 წიგნი 4.00  
          ბათუმის შოთა რუსთაველის სახელმწიფო უნივერსიტეტის მთავარი ბიბლიოთეკა ბათუმის შოთა რუსთაველის სახელმწიფო უნივერსიტეტის მთავარი ბიბლიოთეკა წიგნსაცავი 2024-03-06 4.00 94(3) + 72(3) + 008(3) კ-79 67656 2024-03-06 67656 2024-03-06 წიგნი 4.00